000 01410nam a22003737a 4500
003 CHAP
005 20220329141010.0
008 971013s1996 r 00010 d
010 _a61072
011 _a62044
035 _a66218
040 _cCHAP
090 _aTesis
100 0 0 _aNoria Rivera, José Eduardo.
_981732
245 _aEfecto de la política macroeconómica y sectorial sobre la producción de granos básicos en el estado de Guanajuato para el año agrícola 1994
260 _aChapingo, Méx. :
_bEl autor,
_c1996
300 _a73 h.
_b; anexos
502 _aTesis (M.C. en Economía del Desarrollo Rural) -- UACH. Departamento de Economía Agrícola
590 _aALEPH
_b10
_c20130110
_lUCH01
_h1340
590 _aBATCH-UPD
_b10
_c20130110
_lUCH01
_h0211
590 _aBATCH-UPD
_b10
_c20130110
_lUCH01
_h1138
590 _aBATCH-UPD
_b10
_c20130409
_lUCH01
_h2226
590 _aBATCH-UPD
_b10
_c20130410
_lUCH01
_h1444
590 _aBATCH-UPD
_b10
_c20130914
_lUCH01
_h0914
590 _aCONVERSION
_b10
_c20130109
_lUCH01
_h1333
650 1 4 _aCereales
_xAspectos económicos.
_921388
650 1 4 _aCereales
_xGuanajuato.
_921425
650 1 4 _aPolítica agrícola
_xGuanajuato.
_990321
650 1 4 _aPolítica cerealera
_xGuanajuato.
_990457
901 _aBK
942 _cFOLL
949 _bBC
_cTES
_d-151376
_eTS1
_h29228
_i66218
_si
949 _bBC
_cTES
_d33724000620712
_eTS2
_fc.2
_h29229
_i66218
_si
999 _c61072
_d61072